Kampung boy
| Main Author: | |
|---|---|
| Format: | Book |
| Published: |
K.Lumpur :
Berita Publishing ,
1994
|
| Subjects: |
MARC
| LEADER | 00000cam a2200000 7i4500 | ||
|---|---|---|---|
| 001 | 0000006237 | ||
| 002 | 000006734 | ||
| 005 | 20051005.0 | ||
| 020 | |a 9679693074 | ||
| 090 | 0 | 0 | |a C |b LAT |
| 100 | 0 | |a Lat | |
| 245 | 0 | 0 | |a Kampung boy |c Lat |
| 260 | |a K.Lumpur : |b Berita Publishing , |c 1994 | ||
| 300 | |a p.v ; |c 21cm. | ||
| 650 | 0 | 0 | |a Cartoon and carricatures |
| 999 | |a 00184608 |b BUKU |c CARTOON |e PERPUSTAKAAN KOMUNITI PETALING JAYA | ||
| 999 | |a 038979 |b BUKU |c CARTOON |e PERPUSTAKAAN KOMUNITI PETALING JAYA | ||
| 999 | |a 038980 |b BUKU |c CARTOON |e PERPUSTAKAAN KOMUNITI PETALING JAYA | ||